Made in Japan : Akio Morita and Sony
Sony is one of the most powerful and respected multinational corporations in the world, and Akio Morita is its outspoken chairman. From his global perspective, Morita provides an informative and highly entertaining look at how Japanese business really works. TP: Plume.
Đã lưu trong:
| 主要作者: | |
|---|---|
| 格式: | 圖書 |
| 語言: | Undetermined |
| 出版: |
New York
Dutton
1986
|
| 主題: | |
| 標簽: |
添加標簽
沒有標簽, 成為第一個標記此記錄!
|
| Thư viện lưu trữ: | Trung tâm Học liệu Trường Đại học Cần Thơ |
|---|
| LEADER | 00855nam a2200229Ia 4500 | ||
|---|---|---|---|
| 001 | CTU_97695 | ||
| 008 | 210402s9999 xx 000 0 und d | ||
| 082 | |a 338.7 | ||
| 082 | |b M584 | ||
| 100 | |a Morita, Akio | ||
| 245 | 0 | |a Made in Japan : | |
| 245 | 0 | |b Akio Morita and Sony | |
| 245 | 0 | |c Akio Morita, Edwin M. Reingold, Mitsuko Shimomura | |
| 260 | |a New York | ||
| 260 | |b Dutton | ||
| 260 | |c 1986 | ||
| 520 | |a Sony is one of the most powerful and respected multinational corporations in the world, and Akio Morita is its outspoken chairman. From his global perspective, Morita provides an informative and highly entertaining look at how Japanese business really works. TP: Plume. | ||
| 650 | |a Electronic industries | ||
| 650 | |x History | ||
| 650 | |z Japan | ||
| 904 | |i Hiếu | ||
| 980 | |a Trung tâm Học liệu Trường Đại học Cần Thơ | ||